=LDR 00000nam 2200000 4500 =001 INLIS000000000022047 =990 ##$$a 30709857 =005 20200317065902 =990 ##$$a 00091501 =035 ##$$a 0010-061300000022047 =990 ##$$a 30618268 =008 200317################g##########0#ind## =041 ##$$a Ind =082 ##$$a 297 =090 ##$$a 297, Muh s =100 ##$$a Muhammad bin Shahih, Abdul Qa'qa' =245 1#$$a Seratus dua puluh lima kiat salaf menjadikan waktu produktif /$c Abul Qa'qa' Muhammad bin Shalih ; penerjemah, Izzudin Al-Karimi, Lc. =260 ##$$a Surabaya :$b Pustaka La Raiba Bima Amanta,$c 2006 =300 ##$$a 395 hlm. ; $c 20 x 14 cm. =650 #4$$a Islam =850 ##$$a NBPNMAT =084 ##$$a 297 MUH s =250 ##$$a cet. 1 =990 ##$$a 30709857 =990 ##$$a 00091501 =990 ##$$a 30618268